00808nam a22001697a 4500952010800000999001900108008004100127020001800168050002500186100004200211245008500253260007900338300003700417519011300454650006400567942000700631 00102lcc4070a12b12d2018-08-09l0oHD6971.8 C66 2017p24 000702r2024-04-11t1w2018-08-09yLBf c103238d103238180809s2017 ||||| |||| 00| 0 spa d a9786078463541 aHD6971.8 bC66 2017 aCórdova Farciert, Pedro.e , autor. aSubsidio para el empleo b : derecho del trabajadorc / Pedro Córdova Farciert aCiudad de Méxicob : Instituto Mexicano de Contadores Públicosc, 2017 a315 páginas b: ilustraciones  aPlan Flexible / bContador Público IPN / cTributacion de Personas Físicas (N3-IV-17) / d(24 000702) 0a DERECHOS DE LOS EMPLEADOS -- ASPECTOS SOCIALES -- MÉXICO cLB